| 000 | 00713nam a2200169 a 4500 | ||
|---|---|---|---|
| 001 | 000033477 | ||
| 005 | 20200930070303.0 | ||
| 008 | 110830s1952 dr 000 0 spa d | ||
| 040 |
_aDO-SdBNP _bspa _cBNPHU |
||
| 100 | 1 |
_aÁlvarez Morales, Federico Carlos _959005 |
|
| 245 | 1 | 3 |
_aEl examen de los grupos sanguíneos como medio de prueba jurídica / _cFederico Carlos Álvarez Morales. |
| 260 |
_aCiudad Trujillo, República Dominicana : _bUniversidad Autónoma Santo Domingo, _c1952. _fEditora del Caribe |
||
| 300 |
_a72 p. ; _c24 cm. |
||
| 490 | 1 |
_aPublicaciones de la Universidad Autónoma Santo Domingo _v88 _n3 |
|
| 830 | 0 |
_aPublicaciones de la Universidad Autónoma Santo Domingo _v88 _n3 _959006 |
|
| 049 | _aBNPD | ||
| 999 |
_c32968 _d32968 |
||